000
00270nam a2200121Ia 4500
008
190216s9999||||xx |||||||||||||| ||und||
100
_a
Das P K
245
4
_a
The Monsoons
260
_b
National Book Trust India
_c
1968
300
_a
163p
650
_a
Botany
942
_c
BK
999
_c
1091
_d
1091